Nové perspektívy inteligentných miest v ázijskom regióne diplomová práca

Uložené v:
Podrobná bibliografia
Hlavný autor: Fornerová, Lucia
Korporativný autor: Fakulta medzinárodných vzťahov EU. Katedra medzinárodných ekonomických vzťahov a hospodárskej diplomacie
Ďalší autori: Baculáková, Kristína, 1988-
Médium: Kniha
Jazyk:Slovak
Vydavateľské údaje: Bratislava 2025
Tagy: Pridať tag
Žiadne tagy, Buďte prvý, kto otaguje tento záznam!

MARC

LEADER 00000nbm a2200000 4500
001 0309523
005 20260115110240.0
041 0 |a slo 
044 |a SK 
245 1 0 |a Nové perspektívy inteligentných miest v ázijskom regióne  |b diplomová práca  |c Lucia Fornerová ; školiteľ: Kristína Baculáková 
264 1 |a Bratislava  |c 2025 
300 |a 78 s. 
100 1 |a Fornerová, Lucia 
700 1 |a Baculáková, Kristína, 1988- 
710 2 |a Fakulta medzinárodných vzťahov EU. Katedra medzinárodných ekonomických vzťahov a hospodárskej diplomacie